National Assembly Library of Thailand

ความเคลื่อนไหวทางการเมืองและพฤติกรรมการเลือกตั้งสมาชิกวุฒิสภา 2551 จังหวัดมหาสารคาม (ระเบียนเลขที่ 63942)

รายละเอียดในรูปแบบ MARC
000 -LEADER
fixed length control field 01414nam a22002297a 4500
005 - DATE AND TIME OF LATEST TRANSACTION
control field 20240724233247.0
008 - FIXED-LENGTH DATA ELEMENTS--GENERAL INFORMATION
fixed length control field s2554 th tha d
020 ## - INTERNATIONAL STANDARD BOOK NUMBER
International Standard Book Number 9789744495747
041 ## - LANGUAGE CODE
Language code of text/sound track or separate title tha
050 ## - LIBRARY OF CONGRESS CALL NUMBER
Classification number JQ1749.A54.M31 ส842ค 2554
245 10 - TITLE STATEMENT
Title ความเคลื่อนไหวทางการเมืองและพฤติกรรมการเลือกตั้งสมาชิกวุฒิสภา 2551 จังหวัดมหาสารคาม
260 3# - PUBLICATION, DISTRIBUTION, ETC.
Place of publication, distribution, etc. กรุงเทพฯ :
Name of publisher, distributor, etc. สำนักวิจัยและพัฒนา สถาบันพระปกเกล้า,
Date of publication, distribution, etc. 2554
300 ## - PHYSICAL DESCRIPTION
Extent 240 หน้า :
Other physical details ภาพประกอบ, แผนที่, แผนภูมิ, ตาราง ;
Dimensions 30 ซม.
650 04 - SUBJECT ADDED ENTRY--TOPICAL TERM
Topical term or geographic name entry element สมาชิกวุฒิสภา -- การเลือกตั้ง -- 2551 -- วิจัย
650 04 - SUBJECT ADDED ENTRY--TOPICAL TERM
Topical term or geographic name entry element พฤติกรรมการเลือกตั้ง -- ไทย -- 2551 -- วิจัย
650 04 - SUBJECT ADDED ENTRY--TOPICAL TERM
Topical term or geographic name entry element การเลือกตั้ง -- มหาสารคาม -- 2551 -- วิจัย
850 ## - HOLDING INSTITUTION
Holding institution NALT
942 ## - ADDED ENTRY ELEMENTS (KOHA)
Koha item type Research/Thesis
997 ## -
-- บ23849 ฉ.1 / บ24007 ฉ.2
997 ## -
-- 000000000063942
998 ## - LOCAL CONTROL INFORMATION (RLIN)
-- นางสาวเบญจลักษณ์ สุทธิวิไล
รายการที่มีในห้องสมุด
Withdrawn status Lost status Damaged status Not for loan Collection code Home library Current library Source of acquisition Total Checkouts Full call number Barcode Date last seen Price effective from Koha item type Copy number Source of classification or shelving scheme Shelving location Date acquired
        Research & Theses collection National Assembly Library of Thailand National Assembly Library of Thailand บริจาค   ว JQ1749.A54.M31 ส842ค 2554 3961184794 09/06/2017 09/06/2017 Research/Thesis        
        Research & Theses collection National Assembly Library of Thailand National Assembly Library of Thailand บริจาค   ว JQ1749.A54.M31 ส842ค 2554 3961184624 09/06/2017 09/06/2017 Research/Thesis        
        Research & Theses collection National Assembly Library of Thailand National Assembly Library of Thailand บริจาค   ว JQ1749.A54.M31 ส842ค 2554 3961189722 09/06/2017 09/06/2017 Research/Thesis ฉ. 4      
        Research & Theses collection National Assembly Library of Thailand National Assembly Library of Thailand บริจาค   ว JQ1749.A54.M31 ส842ค 2554 3961189721 09/06/2017 09/06/2017 Research/Thesis ฉ. 3      
        Senate National Assembly Library of Thailand National Assembly Library of Thailand     ว JQ 1749.A54.M31 ส842ค 2554 0100006023001 27/12/2023 12/12/2023 Research/Thesis   Library of Congress Classification Research & Theses shelves 12/12/2023
หอสมุดรัฐสภา
สำนักงานเลขาธิการสภาผู้แทนราษฎร เลขที่ 1111 ถนนสามเสน แขวงถนนนครไชยศรี เขตดุสิต กรุงเทพฯ 10300
The Secretariat of the House of Representatives 1111 Samsen Road, Thanon Nakhon Chai Si, Dusit, Bangkok 10300, THAILAND
โทรศัพท์: +66(0) 2242 5900 ต่อ 5714-5 โทรสาร: +66(0) 2242 5990 อีเมล: [email protected]